00498nam a2200193 a 4500001001300000003000900013005001700022008004100039020001000080082001700090100001800107245003300125260003200158300000900190500003500199650002700234650002500261700001800286nice12345678IN_TiNIC20260116014619.0070828s2005 newa grp 000 0 eng  ac19500a801.951bBLO aBloom, Harold aDeconstruction and Criticism aNew York bContinuum c2005 a208p aincludes index and biblioraphy aCriticism-20th Century aCritism-20th Century1 aBloom, Harold